L' ultimo concerto /

সংরক্ষণ করুন:
গ্রন্থ-পঞ্জীর বিবরন
প্রধান লেখক: Wolf, Patricia (লেখক)
বিন্যাস: গ্রন্থ
ভাষা:ইতালিয়
প্রকাশিত: Roma : Il segnalibro, stampa 2000
ট্যাগগুলো: ট্যাগ যুক্ত করুন
কোনো ট্যাগ নেই, প্রথমজন হিসাবে ট্যাগ করুন!

MARC

LEADER 00000nam a22000007i 4500
001 IT\ICCU\UBO\2437442
003 ItRI
005 20260115232332.0
008 040507s2000 it |||||| ||||| |||||c
040 |b ita  |c importazione bologna sebina 
041 7 |a ita  |2 ISO-639-2 
100 1 |a Wolf, Patricia  |0 IT\ICCU\CFIV\179719  |4 aut 
245 1 3 |a L' ultimo concerto /  |c Patricia Wolf. 
260 |a Roma :  |b Il segnalibro,  |c stampa 2000 
300 |a 78 p. ;  |c 21 cm. 
942 |2 ddc  |c BK  |n 0 
952 |0 0  |1 0  |4 0  |6 DOC_853_920000000000000_WOL  |7 0  |9 24385  |a BO  |b BO  |d 2026-01-15  |i 8017  |l 0  |o DOC 853.92 WOL  |p BO8017  |r 2026-01-15 23:23:32  |w 2026-01-15  |x [Sebina 5] [1 v.]  |y BK  |z 1 v. 
999 |c 20757  |d 20757